000 01751cam a22004694i 4500
003 PE-LiUPU
005 20250731172706.0
008 150617s r 000 0 d
035 _a(Sirsi) a10285
040 _aPE-LiUPU
_bspa
_cPE-LiUPU
_erda
049 _aPRUA
082 0 4 _a220.13
_bM44
_221
100 1 _aMesters, Carlos,
_eautor.
245 1 0 _aFlor sin defensa :
_buna explicación de la biblia a partir del pueblo /
_cCarlos Mesters.
264 1 _aBogotá :
_bConfederación Latinoamericana de Religiosos CLAR,
_c1984.
300 _a225 páginas ;
_c21 cm.
336 _atext
_2rdacontent
337 _aunmediated
_2rdamedia
338 _avolume
_2rdacarrier
490 0 _aColección Perspectivas
505 0 _aLo que debe saberse para leer la biblia con provecho -- Interpretación de la biblia en algunas comunidades de base en el Brasil -- La brisa leve: una nueva lectura de la biblia -- Cómo se hace hoy teología bíblica en el Brasil -- Flor sin defensa.
526 _aSEG42
526 _aSEG41
526 _aSEG40
526 _aSEG39
526 _aP94
526 _aP87
526 _aP86
526 _aP85
526 _aP77
526 _aP76
526 _aP35
630 _aBiblia
_xEnseñanza.
650 0 4 _aRevelación en la biblia.
_94406
910 _ajck
_bjvq
_cjck
_d20150616
942 _2ddc
_cBOOK
949 _a220.13 M44
_wDEWEY
_c1
_i29039
_lCCODEBUL1
_mBUL
_p00.00
_r0
_sY
_tBOOK
_u19880531
_xTEOLOGIA
_PP35
_0COMPRA
_o.STAFF. Colección General
994 _aC0
_bPEPRU
596 _a1
999 _a220.13 M44
_wDEWEY
_c314
_i29039
_d314
_f2021-11-11
_g5
_lCCODEBUL1
_mBUL
_q1
_r0
_sY
_tBOOK
_u2015-6-17
_xTEOLOGIA
_PP35
_0COMPRA
_o.STAFF. Colección General
980 _81
_gALBERTO SANCHEZ Responsable de Automatización